000 00585nam a22001817a 4500
005 20251108165319.0
008 250721s1987 xx 000 0 ara d
082 1 4 _a633.6/بلا
100 1 _aبلاكبورن، فرانك
245 1 0 _aقصب السكر /
264 1 _aبغداد :
_bوزارة التعليم العالي و البحث العلمي،
_c1987.
300 _a424ص
650 1 7 _aقصب السكر
700 1 _aأمين، فرهاد أحمد
_eترجمة
700 1 _aفتح الله، فريدون توفيق
_eترجمة
942 _2ddc
_cBK
999 _c24860
_d24860